000 00477nam a22001811a 4500
001 6596
003 OSt
005 20260204212057.0
008 060611s1999||||dr ||||||b||||||||||spa||
050 _aRD 460 M428s
100 _aMatos Moquete, Manuel
245 _aSituación de comunicación / Manuel Matos Moquete
264 _aSanto Domingo : De Colores
300 _a70 p
490 _aSerie Desarrollo Currricular No.1
650 _a1.Lengua EspañolaÌ
942 _2ddc
_cBK
999 _c6596
_d6596